Potišyty aktory UNT

Bibliographic Details
Main Author: Jenčyk, Josyf (Author)
Format: Article
Language:Ukrainian
Subjects:

MARC

LEADER 00000nab a2200000 a 4500
001 vtls000076363
003 SK-MaSNL
005 20260304182206.0
008 150430c1980 xo 0 ukr
015 |a SNBRB19rr/mm-uuuuu 
035 |a CL0086464 
040 |a SNKBUCL  |b slo  |c SNKBUCL  |e AACR2 
041 0 |a ukr 
044 |a xo  |c SK 
080 |a 792.2  |2 1981 
100 1 |a Jenčyk, Josyf  |4 aut  |9 1513020 
245 1 0 |a Potišyty aktory UNT  |c Josyf Jenčyk 
600 1 7 |a Konstantinov, Vladimir  |t Ruské tajomstvo  |x recenzie  |2 snkbucl  |9 1513018 
600 1 7 |a Racer, Boris  |t Ruské tajomstvo  |x recenzie  |2 snkbucl  |9 1513019 
610 2 7 |a Ukrajinské národné divadlo v Prešove  |2 snkbucl  |9 232422 
651 7 |a 5407  |2 snkbucl  |9 893769 
655 7 |a články z novín a časopisov  |2 snkbucl  |9 267496 
773 0 |t Nove žyttja  |g Roč. 30, č. 48 (28. 11. 1980), s. 7 
850 |a Slovenská národná knižnica v Martine  |a MTA001 
852 |a SNK  |b KIS3GCP 
958 |a RK 
958 |a SK 
992 |a RBX 
999 |c 3028014  |d 3029944